[Event "World Cup 2017"]
[Site "Tbilisi"]
[Date "2017.09.07"]
[Round "10.19"]
[White "Li Chao b (CHN)"]
[Black "Sevian Samuel (USA)"]
[Result "1/2-1/2"]
[BlackElo "2610"]
[WhiteElo "2745"]
[LiveChessVersion "1.4.8"]

1. d4 {[%clk 1:30:54]} d5 {[%clk 1:30:52]} 2. c4 {[%clk 1:31:08]} c6
{[%clk 1:31:12]} 3. Nf3 {[%clk 1:31:13]} Nf6 {[%clk 1:31:32]} 4. Qc2
{[%clk 1:31:35]} dxc4 {[%clk 1:30:20]} 5. Qxc4 {[%clk 1:31:55]} Bf5
{[%clk 1:30:34]} 6. g3 {[%clk 1:32:11]} e6 {[%clk 1:30:19]} 7. Bg2
{[%clk 1:32:28]} Nbd7 {[%clk 1:30:14]} 8. O-O {[%clk 1:32:41]} Nb6
{[%clk 1:27:52]} 9. Qb3 {[%clk 1:31:47]} Qd5 {[%clk 1:28:15]} 10. Nbd2
{[%clk 1:26:54]} Be7 {[%clk 1:22:29]} 11. e3 {[%clk 1:05:58]} Qxb3
{[%clk 1:06:59]} 12. Nxb3 {[%clk 1:06:20]} Be4 {[%clk 1:06:45]} 13. Ne5
{[%clk 0:55:28]} Bxg2 {[%clk 1:02:11]} 14. Kxg2 {[%clk 0:55:55]} Nfd7
{[%clk 0:59:28]} 15. Nd3 {[%clk 0:51:38]} Nc4 {[%clk 0:58:04]} 16. Bd2
{[%clk 0:41:02]} Nxd2 {[%clk 0:40:43]} 17. Nxd2 {[%clk 0:41:30]} c5
{[%clk 0:37:41]} 18. dxc5 {[%clk 0:41:24]} Nxc5 {[%clk 0:37:43]} 19. Nxc5
{[%clk 0:41:46]} Bxc5 {[%clk 0:38:09]} 20. Rac1 {[%clk 0:42:00]} Bb6
{[%clk 0:38:34]} 21. Nc4 {[%clk 0:36:52]} 1/2-1/2

[Event "World Cup 2017"]
[Site "Tbilisi"]
[Date "2017.09.07"]
[Round "10.20"]
[White "Sethuraman S.P. (IND)"]
[Black "Harikrishna P. (IND)"]
[Result "1/2-1/2"]
[BlackElo "2741"]
[WhiteElo "2617"]
[LiveChessVersion "1.4.8"]

1. Nf3 {[%clk 1:30:41]} d5 {[%clk 1:30:46]} 2. d4 {[%clk 1:31:04]} Nf6
{[%clk 1:30:55]} 3. c4 {[%clk 1:31:28]} e6 {[%clk 1:30:53]} 4. g3
{[%clk 1:31:53]} dxc4 {[%clk 1:30:07]} 5. Bg2 {[%clk 1:32:17]} c5
{[%clk 1:30:27]} 6. O-O {[%clk 1:30:54]} Nc6 {[%clk 1:30:47]} 7. Qa4
{[%clk 1:29:53]} Bd7 {[%clk 1:30:03]} 8. Qxc4 {[%clk 1:29:59]} b5
{[%clk 1:30:09]} 9. Qc3 {[%clk 1:30:23]} b4 {[%clk 1:26:41]} 10. Qd3
{[%clk 1:29:57]} Rc8 {[%clk 1:23:39]} 11. Bg5 {[%clk 1:22:24]} cxd4
{[%clk 1:13:10]} 12. Nxd4 {[%clk 1:13:01]} Ne5 {[%clk 1:07:01]} 13. Qa6
{[%clk 1:02:53]} Bc5 {[%clk 1:05:49]} 14. Nb3 {[%clk 1:00:18]} Bb6
{[%clk 1:04:56]} 15. Bf4 {[%clk 0:54:44]} Nfg4 {[%clk 0:38:35]} 16. h3
{[%clk 0:43:32]} g5 {[%clk 0:33:47]} 17. Bd2 {[%clk 0:32:46]} Nh6
{[%clk 0:25:27]} 18. Bxb4 {[%clk 0:27:51]} g4 {[%clk 0:22:59]} 19. Ba5
{[%clk 0:11:44]} gxh3 {[%clk 0:22:38]} 20. Bxh3 {[%clk 0:12:08]} Rg8
{[%clk 0:18:43]} 21. Bxb6 {[%clk 0:11:56]} axb6 {[%clk 0:17:26]} 22. Bg2
{[%clk 0:12:23]} Nf5 {[%clk 0:17:23]} 23. N1d2 {[%clk 0:10:43]} Nxg3
{[%clk 0:12:57]} 24. fxg3 {[%clk 0:09:23]} Rxg3 {[%clk 0:12:43]} 25. Rfc1
{[%clk 0:07:00]} Bc6 {[%clk 0:06:21]} 26. Rxc6 {[%clk 0:07:03]} Rxc6
{[%clk 0:03:51]} 27. Nf1 {[%clk 0:01:31]} Rg6 {[%clk 0:02:38]} 28. Ne3
{[%clk 0:01:15]} Qg5 {[%clk 0:02:07]} 29. Qa8+ {[%clk 0:01:19]} Ke7
{[%clk 0:02:21]} 30. Qa3+ {[%clk 0:01:03]} Kf6 {[%clk 0:02:06]} 31. Nd2
{[%clk 0:01:00]} Kg7 {[%clk 0:02:17]} 32. Rf1 {[%clk 0:01:12]} Rc7
{[%clk 0:01:12]} 33. Ne4 {[%clk 0:01:11]} Qd8 {[%clk 0:01:10]} 34. Rd1
{[%clk 0:00:47]} Rd7 {[%clk 0:00:43]} 35. Rxd7 {[%clk 0:00:54]} Qxd7
{[%clk 0:00:43]} 36. Qc3 {[%clk 0:01:02]} f6 {[%clk 0:01:12]} 37. Kf2
{[%clk 0:01:00]} h5 {[%clk 0:01:32]} 38. Ng3 {[%clk 0:00:44]} Rg5
{[%clk 0:01:00]} 1/2-1/2

[Event "World Cup 2017"]
[Site "Tbilisi"]
[Date "2017.09.07"]
[Round "10.22"]
[White "Vidit Santosh Gujrathi (IND)"]
[Black "Le Quang Liem (VIE)"]
[Result "1/2-1/2"]
[BlackElo "2739"]
[WhiteElo "2702"]
[LiveChessVersion "1.4.8"]

1. d4 {[%clk 1:29:37]} Nf6 {[%clk 1:30:49]} 2. Nf3 {[%clk 1:29:52]} g6
{[%clk 1:31:03]} 3. g3 {[%clk 1:26:26]} Bg7 {[%clk 1:29:43]} 4. Bg2
{[%clk 1:26:23]} O-O {[%clk 1:30:02]} 5. O-O {[%clk 1:26:46]} d6 {[%clk 1:28:37]}
6. b3 {[%clk 1:26:28]} e5 {[%clk 1:25:56]} 7. dxe5 {[%clk 1:26:30]} dxe5
{[%clk 1:25:50]} 8. Ba3 {[%clk 1:26:29]} Qxd1 {[%clk 1:25:03]} 9. Rxd1
{[%clk 1:26:56]} Re8 {[%clk 1:25:23]} 10. c4 {[%clk 1:22:51]} e4 {[%clk 1:19:15]}
11. Nd4 {[%clk 1:23:00]} e3 {[%clk 1:19:13]} 12. f3 {[%clk 1:17:51]} Na6
{[%clk 1:12:11]} 13. Nc3 {[%clk 1:17:53]} c6 {[%clk 1:12:29]} 14. Rac1
{[%clk 1:16:35]} h5 {[%clk 1:03:07]} 15. h4 {[%clk 1:07:18]} Bf8 {[%clk 0:50:57]}
16. Bxf8 {[%clk 1:05:49]} Kxf8 {[%clk 0:51:24]} 17. Kh2 {[%clk 1:02:49]} Nc5
{[%clk 0:49:05]} 18. Bh3 {[%clk 0:57:12]} Bxh3 {[%clk 0:49:06]} 19. Kxh3
{[%clk 0:57:40]} a5 {[%clk 0:49:24]} 20. Nc2 {[%clk 0:57:07]} Re5
{[%clk 0:45:13]} 21. Rd4 {[%clk 0:50:57]} Ng8 {[%clk 0:41:05]} 22. Rcd1
{[%clk 0:48:06]} Rae8 {[%clk 0:39:03]} 23. Rd8 {[%clk 0:43:48]} Nh6
{[%clk 0:38:53]} 24. Rxe8+ {[%clk 0:43:04]} Kxe8 {[%clk 0:37:12]} 25. Nd4
{[%clk 0:33:39]} Ng8 {[%clk 0:32:05]} 26. Kg2 {[%clk 0:31:47]} Re7
{[%clk 0:31:45]} 27. Nc2 {[%clk 0:28:23]} Nh6 {[%clk 0:31:25]} 28. Nd4
{[%clk 0:28:41]} f5 {[%clk 0:29:41]} 29. a3 {[%clk 0:21:47]} Kf7 {[%clk 0:23:37]}
30. b4 {[%clk 0:21:14]} axb4 {[%clk 0:24:00]} 31. axb4 {[%clk 0:21:40]} Na6
{[%clk 0:18:43]} 32. b5 {[%clk 0:15:31]} Nb4 {[%clk 0:18:37]} 33. bxc6
{[%clk 0:15:31]} bxc6 {[%clk 0:18:38]} 34. Rb1 {[%clk 0:14:28]} Rd7
{[%clk 0:18:54]} 35. Nb3 {[%clk 0:14:16]} Nc2 {[%clk 0:16:14]} 36. Na5
{[%clk 0:10:17]} Rc7 {[%clk 0:11:59]} 37. Rb6 {[%clk 0:04:52]} Nd4
{[%clk 0:12:21]} 38. f4 {[%clk 0:03:29]} Ng4 {[%clk 0:11:46]} 39. c5
{[%clk 0:03:45]} Ke7 {[%clk 0:07:39]} 40. Ra6 {[%clk 0:32:04]} Kd7
{[%clk 0:34:30]} 41. Ra8 {[%clk 0:30:41]} Rc8 {[%clk 0:28:48]} 42. Ra7+
{[%clk 0:29:56]} Rc7 {[%clk 0:29:08]} 43. Ra8 {[%clk 0:30:18]} Ne6
{[%clk 0:27:32]} 44. Na4 {[%clk 0:30:10]} Ke7 {[%clk 0:23:43]} 45. Ra7
{[%clk 0:27:19]} Kd8 {[%clk 0:23:30]} 46. Ra8+ {[%clk 0:26:51]} Ke7
{[%clk 0:21:47]} 47. Ra7 {[%clk 0:27:05]} Kd8 {[%clk 0:19:48]} 1/2-1/2

[Event "World Cup 2017"]
[Site "Tbilisi"]
[Date "2017.09.07"]
[Round "10.23"]
[White "Adams Michael (ENG)"]
[Black "Rodshtein Maxim (ISR)"]
[Result "0-1"]
[BlackElo "2695"]
[WhiteElo "2738"]
[LiveChessVersion "1.4.8"]

1. e4 {[%clk 1:30:57]} e5 {[%clk 1:30:53]} 2. Nf3 {[%clk 1:31:22]} Nc6
{[%clk 1:31:18]} 3. Bb5 {[%clk 1:31:47]} Nf6 {[%clk 1:31:41]} 4. d3
{[%clk 1:32:13]} Bc5 {[%clk 1:31:59]} 5. Bxc6 {[%clk 1:32:37]} dxc6
{[%clk 1:32:23]} 6. O-O {[%clk 1:33:02]} Bg4 {[%clk 1:31:30]} 7. h3
{[%clk 1:33:24]} Bxf3 {[%clk 1:31:56]} 8. Qxf3 {[%clk 1:33:50]} O-O
{[%clk 1:32:00]} 9. Nd2 {[%clk 1:30:44]} Re8 {[%clk 1:28:54]} 10. Nc4
{[%clk 1:26:21]} Nd7 {[%clk 1:27:50]} 11. Bd2 {[%clk 1:23:57]} Re6
{[%clk 1:09:19]} 12. g3 {[%clk 1:18:49]} b5 {[%clk 1:07:20]} 13. Ne3
{[%clk 1:17:37]} Bf8 {[%clk 1:04:46]} 14. a4 {[%clk 1:14:08]} a6 {[%clk 1:04:40]}
15. Ra2 {[%clk 1:11:06]} Nc5 {[%clk 0:46:55]} 16. axb5 {[%clk 1:09:55]} axb5
{[%clk 0:42:07]} 17. Rfa1 {[%clk 1:05:00]} Rxa2 {[%clk 0:42:09]} 18. Rxa2
{[%clk 1:05:28]} Re8 {[%clk 0:42:18]} 19. Kg2 {[%clk 0:53:40]} Ne6
{[%clk 0:41:34]} 20. Nf5 {[%clk 0:46:15]} c5 {[%clk 0:39:48]} 21. Ra5
{[%clk 0:42:02]} Qd7 {[%clk 0:38:02]} 22. Bc3 {[%clk 0:39:53]} f6
{[%clk 0:34:03]} 23. b3 {[%clk 0:32:38]} c6 {[%clk 0:33:09]} 24. h4
{[%clk 0:30:22]} g6 {[%clk 0:27:28]} 25. Ne3 {[%clk 0:29:23]} Bg7
{[%clk 0:27:27]} 26. Qg4 {[%clk 0:18:01]} Rf8 {[%clk 0:22:33]} 27. Kg1
{[%clk 0:13:16]} Qf7 {[%clk 0:21:58]} 28. Ra6 {[%clk 0:12:56]} f5
{[%clk 0:19:15]} 29. exf5 {[%clk 0:10:00]} gxf5 {[%clk 0:19:35]} 30. Qe2
{[%clk 0:07:03]} Qb7 {[%clk 0:11:35]} 31. Ra2 {[%clk 0:06:39]} Nd4
{[%clk 0:07:19]} 32. Bxd4 {[%clk 0:06:47]} cxd4 {[%clk 0:07:45]} 33. Nf1
{[%clk 0:07:08]} c5 {[%clk 0:08:10]} 34. Nd2 {[%clk 0:06:54]} Bh6
{[%clk 0:06:35]} 35. Ra1 {[%clk 0:07:16]} Qg7 {[%clk 0:04:55]} 36. Kh2
{[%clk 0:05:39]} e4 {[%clk 0:03:42]} 37. Rf1 {[%clk 0:03:49]} e3 {[%clk 0:03:41]}
38. Nf3 {[%clk 0:03:49]} Kh8 {[%clk 0:02:25]} 39. fxe3 {[%clk 0:03:54]} dxe3
{[%clk 0:02:51]} 40. Ng1 {[%clk 0:32:19]} Rg8 {[%clk 0:31:39]} 41. Qf3
{[%clk 0:28:45]} Qc3 {[%clk 0:27:26]} 42. Qe2 {[%clk 0:22:39]} f4
{[%clk 0:24:45]} 43. g4 {[%clk 0:16:52]} f3 {[%clk 0:16:50]} 44. Nxf3
{[%clk 0:13:36]} Rxg4 {[%clk 0:17:03]} 45. Kh3 {[%clk 0:13:26]} Rg8
{[%clk 0:12:20]} 46. Rg1 {[%clk 0:08:41]} Rf8 {[%clk 0:08:21]} 47. Rg4
{[%clk 0:06:20]} Qf6 {[%clk 0:07:51]} 48. Ng5 {[%clk 0:04:36]} Qf2
{[%clk 0:06:21]} 49. Rg2 {[%clk 0:04:30]} Bxg5 {[%clk 0:05:18]} 50. Rxf2
{[%clk 0:01:15]} exf2 {[%clk 0:05:43]} 51. Qf1 {[%clk 0:01:43]} Be3
{[%clk 0:05:31]} 52. b4 {[%clk 0:01:24]} cxb4 {[%clk 0:04:37]} 53. Qa1+
{[%clk 0:01:39]} Kg8 {[%clk 0:05:02]} 54. Qf1 {[%clk 0:02:05]} h5
{[%clk 0:04:11]} 55. Kh2 {[%clk 0:02:23]} Kh7 {[%clk 0:03:09]} 56. Kh3
{[%clk 0:01:43]} Rf4 {[%clk 0:03:03]} 57. d4 {[%clk 0:00:38]} Bxd4
{[%clk 0:03:14]} 58. Kg2 {[%clk 0:00:36]} Kh8 {[%clk 0:03:24]} 59. Kh3
{[%clk 0:01:01]} Rf6 {[%clk 0:01:47]} 60. Kh2 {[%clk 0:01:24]} Rf8
{[%clk 0:01:01]} 61. Kh3 {[%clk 0:01:52]} Rf4 {[%clk 0:01:20]} 62. Kg2
{[%clk 0:01:08]} Rg4+ {[%clk 0:01:38]} 63. Kh2 {[%clk 0:01:37]} Be5+
{[%clk 0:01:58]} 0-1

[Event "World Cup 2017"]
[Site "Tbilisi"]
[Date "2017.09.07"]
[Round "10.24"]
[White "Cheparinov Ivan (BUL)"]
[Black "Navara David (CZE)"]
[Result "1-0"]
[BlackElo "2720"]
[WhiteElo "2695"]
[LiveChessVersion "1.4.8"]

1. e4 {[%clk 1:30:58]} e5 {[%clk 1:30:55]} 2. Nf3 {[%clk 1:31:25]} Nc6
{[%clk 1:31:20]} 3. d4 {[%clk 1:31:52]} exd4 {[%clk 1:31:35]} 4. Nxd4
{[%clk 1:32:20]} Bc5 {[%clk 1:31:55]} 5. Nb3 {[%clk 1:32:47]} Bb6
{[%clk 1:32:17]} 6. Nc3 {[%clk 1:33:13]} Nf6 {[%clk 1:32:08]} 7. Bg5
{[%clk 1:33:38]} h6 {[%clk 1:28:24]} 8. Bh4 {[%clk 1:33:55]} d6 {[%clk 1:28:38]}
9. f3 {[%clk 1:34:01]} Be6 {[%clk 1:27:32]} 10. Bb5 {[%clk 1:33:12]} O-O
{[%clk 1:14:49]} 11. Bxc6 {[%clk 1:33:11]} bxc6 {[%clk 1:15:12]} 12. Qe2
{[%clk 1:33:22]} g5 {[%clk 1:12:04]} 13. Bf2 {[%clk 1:31:48]} Bxb3
{[%clk 0:59:54]} 14. axb3 {[%clk 1:27:16]} Nd5 {[%clk 0:59:33]} 15. Qd2
{[%clk 0:59:24]} Nxc3 {[%clk 0:59:10]} 16. Qxc3 {[%clk 0:58:35]} f5
{[%clk 0:57:00]} 17. Qc4+ {[%clk 0:53:25]} Kg7 {[%clk 0:54:07]} 18. Qxc6
{[%clk 0:48:03]} fxe4 {[%clk 0:44:45]} 19. Bxb6 {[%clk 0:47:34]} axb6
{[%clk 0:45:06]} 20. Rxa8 {[%clk 0:46:24]} Qxa8 {[%clk 0:45:29]} 21. Qxc7+
{[%clk 0:46:49]} Kg8 {[%clk 0:42:59]} 22. O-O {[%clk 0:43:18]} exf3
{[%clk 0:42:56]} 23. Qc4+ {[%clk 0:40:32]} Kg7 {[%clk 0:34:40]} 24. Qc3+
{[%clk 0:38:56]} Kg8 {[%clk 0:27:06]} 25. Rxf3 {[%clk 0:35:08]} Rxf3
{[%clk 0:25:27]} 26. gxf3 {[%clk 0:35:30]} Qd5 {[%clk 0:24:54]} 27. Kg2
{[%clk 0:21:25]} b5 {[%clk 0:22:06]} 28. Kg3 {[%clk 0:18:54]} Kf7
{[%clk 0:21:55]} 29. f4 {[%clk 0:10:06]} Kg6 {[%clk 0:09:33]} 30. Qe3
{[%clk 0:09:15]} Kf5 {[%clk 0:01:44]} 31. fxg5 {[%clk 0:09:16]} hxg5
{[%clk 0:02:06]} 32. h3 {[%clk 0:07:33]} Qc5 {[%clk 0:02:18]} 33. Qd3+
{[%clk 0:05:47]} Kf6 {[%clk 0:02:36]} 34. Kf3 {[%clk 0:05:24]} Qe5
{[%clk 0:02:21]} 35. Qc3 {[%clk 0:04:35]} Qxc3+ {[%clk 0:02:41]} 36. bxc3
{[%clk 0:05:03]} d5 {[%clk 0:02:25]} 37. Ke3 {[%clk 0:04:16]} Ke5
{[%clk 0:02:36]} 38. Kd3 {[%clk 0:04:19]} Kf4 {[%clk 0:01:49]} 39. Kd4
{[%clk 0:34:45]} Kg3 {[%clk 0:32:14]} 40. Kxd5 {[%clk 0:35:13]} Kxh3
{[%clk 0:32:37]} 41. c4 {[%clk 0:35:40]} g4 {[%clk 0:32:35]} 42. c5
{[%clk 0:36:03]} 1-0

[Event "World Cup 2017"]
[Site "Tbilisi"]
[Date "2017.09.07"]
[Round "10.25"]
[White "Inarkiev Ernesto (RUS)"]
[Black "Fedoseev Vladimir (RUS)"]
[Result "1/2-1/2"]
[BlackElo "2731"]
[WhiteElo "2694"]
[LiveChessVersion "1.4.8"]

1. e4 {[%clk 1:30:57]} c6 {[%clk 1:30:51]} 2. d4 {[%clk 1:31:23]} d5
{[%clk 1:31:14]} 3. e5 {[%clk 1:31:50]} Bf5 {[%clk 1:31:36]} 4. Nf3
{[%clk 1:32:15]} e6 {[%clk 1:31:59]} 5. Be2 {[%clk 1:32:41]} Ne7 {[%clk 1:32:18]}
6. O-O {[%clk 1:33:06]} c5 {[%clk 1:32:42]} 7. Na3 {[%clk 1:33:30]} Nec6
{[%clk 1:31:24]} 8. c4 {[%clk 1:33:55]} cxd4 {[%clk 1:29:33]} 9. Nb5
{[%clk 1:34:09]} Be4 {[%clk 1:24:32]} 10. Bg5 {[%clk 1:15:17]} Be7
{[%clk 1:12:25]} 11. Nd6+ {[%clk 0:58:58]} Kf8 {[%clk 1:12:47]} 12. Bxe7+
{[%clk 0:59:03]} Qxe7 {[%clk 1:13:10]} 13. Nxd4 {[%clk 0:59:01]} Nxe5
{[%clk 1:10:15]} 14. c5 {[%clk 0:58:36]} Nbc6 {[%clk 1:06:15]} 15. f3
{[%clk 0:38:00]} Bg6 {[%clk 0:59:47]} 16. f4 {[%clk 0:36:16]} Nxd4
{[%clk 0:57:24]} 17. fxe5 {[%clk 0:26:55]} Nc6 {[%clk 0:57:13]} 18. Bh5
{[%clk 0:24:15]} Qh4 {[%clk 0:55:09]} 19. Bxg6 {[%clk 0:20:47]} hxg6
{[%clk 0:55:04]} 20. Rxf7+ {[%clk 0:21:09]} Kg8 {[%clk 0:55:27]} 21. h3
{[%clk 0:21:01]} Nxe5 {[%clk 0:55:29]} 22. Rf1 {[%clk 0:06:59]} b6
{[%clk 0:48:03]} 23. Qe2 {[%clk 0:05:35]} Rh5 {[%clk 0:46:43]} 24. Nb5
{[%clk 0:01:22]} Rc8 {[%clk 0:39:40]} 25. cxb6 {[%clk 0:01:49]} axb6
{[%clk 0:40:05]} 26. Rae1 {[%clk 0:01:53]} Rc4 {[%clk 0:38:18]} 27. Qd2
{[%clk 0:00:42]} Kh7 {[%clk 0:33:34]} 28. b3 {[%clk 0:01:09]} Re4
{[%clk 0:27:43]} 29. Rxe4 {[%clk 0:01:26]} dxe4 {[%clk 0:25:36]} 30. Nd4
{[%clk 0:01:46]} Qg3 {[%clk 0:25:13]} 31. Qf4 {[%clk 0:01:37]} Rxh3
{[%clk 0:23:59]} 32. Nxe6 {[%clk 0:01:27]} Qe3+ {[%clk 0:23:22]} 33. Rf2
{[%clk 0:01:40]} Qe1+ {[%clk 0:21:54]} 34. Rf1 {[%clk 0:02:09]} Qe3+
{[%clk 0:22:17]} 35. Qxe3 {[%clk 0:02:26]} Rxe3 {[%clk 0:22:41]} 36. Rf4
{[%clk 0:02:51]} Re1+ {[%clk 0:20:29]} 37. Kh2 {[%clk 0:03:20]} e3
{[%clk 0:20:27]} 38. Kg3 {[%clk 0:03:29]} Re2 {[%clk 0:17:55]} 39. a4
{[%clk 0:00:50]} Nd3 {[%clk 0:11:12]} 40. Re4 {[%clk 0:30:56]} g5
{[%clk 0:37:03]} 41. Nxg5+ {[%clk 0:22:55]} Kg6 {[%clk 0:36:35]} 42. Nf3
{[%clk 0:23:19]} Nc5 {[%clk 0:28:19]} 43. Rb4 {[%clk 0:21:05]} Nd7
{[%clk 0:26:21]} 44. Kf4 {[%clk 0:19:43]} Kf6 {[%clk 0:25:38]} 45. g4
{[%clk 0:18:54]} g6 {[%clk 0:22:26]} 46. Ke4 {[%clk 0:07:19]} Nc5+
{[%clk 0:20:31]} 47. Kd5 {[%clk 0:06:48]} Nd7 {[%clk 0:16:59]} 48. g5+
{[%clk 0:05:46]} Kf7 {[%clk 0:14:34]} 49. Kd4 {[%clk 0:03:00]} Ke6
{[%clk 0:13:35]} 50. Kd3 {[%clk 0:03:09]} Rb2 {[%clk 0:13:39]} 51. Kxe3
{[%clk 0:03:23]} Rb1 {[%clk 0:12:44]} 52. Rb5 {[%clk 0:03:13]} Kd6
{[%clk 0:12:48]} 53. Nd2 {[%clk 0:01:40]} Re1+ {[%clk 0:13:10]} 54. Kf4
{[%clk 0:01:41]} Kc6 {[%clk 0:13:12]} 55. Nc4 {[%clk 0:01:04]} Rf1+
{[%clk 0:13:08]} 56. Ke3 {[%clk 0:01:27]} Rh1 {[%clk 0:12:36]} 57. Kf3
{[%clk 0:01:34]} Rh4 {[%clk 0:12:10]} 58. Ke3 {[%clk 0:01:00]} Rh3+
{[%clk 0:12:29]} 59. Kd4 {[%clk 0:01:29]} Rg3 {[%clk 0:12:28]} 60. Ke4
{[%clk 0:00:42]} Nc5+ {[%clk 0:10:25]} 61. Kf4 {[%clk 0:01:11]} Rxb3
{[%clk 0:10:42]} 62. Ne5+ {[%clk 0:00:42]} Kd6 {[%clk 0:11:07]} 63. Nc4+
{[%clk 0:00:44]} Kc6 {[%clk 0:11:19]} 64. Rxb3 {[%clk 0:00:41]} Nxb3
{[%clk 0:11:45]} 65. Ke5 {[%clk 0:01:01]} Nc5 {[%clk 0:12:09]} 66. Nb2
{[%clk 0:00:33]} Nd7+ {[%clk 0:12:24]} 67. Ke6 {[%clk 0:00:58]} Nf8+
{[%clk 0:12:49]} 68. Kf7 {[%clk 0:00:36]} Nh7 {[%clk 0:13:14]} 69. Kxg6
{[%clk 0:01:03]} Nxg5 {[%clk 0:13:36]} 70. Kxg5 {[%clk 0:01:31]} b5
{[%clk 0:13:54]} 71. a5 {[%clk 0:01:13]} Kb7 {[%clk 0:14:20]} 72. Kf5
{[%clk 0:00:57]} 1/2-1/2

[Event "World Cup 2017"]
[Site "Tbilisi"]
[Date "2017.09.07"]
[Round "10.27"]
[White "Andreikin Dmitry (RUS)"]
[Black "Matlakov Maxim (RUS)"]
[Result "1/2-1/2"]
[BlackElo "2728"]
[WhiteElo "2708"]
[LiveChessVersion "1.4.8"]

1. d4 {[%clk 1:30:51]} Nf6 {[%clk 1:30:49]} 2. c4 {[%clk 1:31:09]} e6
{[%clk 1:31:09]} 3. Nc3 {[%clk 1:31:31]} Bb4 {[%clk 1:31:25]} 4. Qc2
{[%clk 1:31:51]} d5 {[%clk 1:31:39]} 5. a3 {[%clk 1:31:44]} Bxc3+
{[%clk 1:31:49]} 6. Qxc3 {[%clk 1:32:08]} dxc4 {[%clk 1:31:53]} 7. Qxc4
{[%clk 1:29:34]} b6 {[%clk 1:32:08]} 8. Nf3 {[%clk 1:21:04]} Ba6 {[%clk 1:29:16]}
9. Qa4+ {[%clk 1:15:01]} Qd7 {[%clk 1:29:01]} 10. Qc2 {[%clk 1:15:25]} O-O
{[%clk 1:20:20]} 11. Bg5 {[%clk 1:12:29]} c5 {[%clk 1:20:20]} 12. dxc5
{[%clk 1:10:24]} Rc8 {[%clk 1:17:02]} 13. Bxf6 {[%clk 1:08:39]} gxf6
{[%clk 1:16:47]} 14. Qe4 {[%clk 1:08:03]} Qb5 {[%clk 1:13:59]} 15. b4
{[%clk 1:05:21]} bxc5 {[%clk 1:13:46]} 16. e3 {[%clk 1:04:22]} Qb7
{[%clk 1:13:21]} 17. Qg4+ {[%clk 1:04:15]} Kf8 {[%clk 1:06:25]} 18. b5
{[%clk 1:03:57]} Bxb5 {[%clk 1:04:32]} 19. Rb1 {[%clk 1:04:09]} a6
{[%clk 1:04:34]} 20. a4 {[%clk 1:02:37]} f5 {[%clk 1:04:14]} 21. Qf4
{[%clk 1:01:51]} Qe4 {[%clk 1:04:09]} 22. Qh6+ {[%clk 1:00:37]} Ke7
{[%clk 1:02:57]} 23. Qg5+ {[%clk 1:00:11]} Kf8 {[%clk 1:03:18]} 24. Qh6+
{[%clk 1:00:35]} Ke7 {[%clk 1:03:44]} 25. Qg5+ {[%clk 1:00:58]} Kf8
{[%clk 1:04:09]} 26. Qh6+ 1/2-1/2

[Event "World Cup 2017"]
[Site "Tbilisi"]
[Date "2017.09.07"]
[Round "10.29"]
[White "Najer Evgeniy (RUS)"]
[Black "Vitiugov Nikita (RUS)"]
[Result "1/2-1/2"]
[BlackElo "2728"]
[WhiteElo "2694"]
[LiveChessVersion "1.4.8"]

1. e4 {[%clk 1:30:58]} e5 {[%clk 1:30:55]} 2. Nf3 {[%clk 1:31:14]} Nc6
{[%clk 1:31:19]} 3. Bb5 {[%clk 1:31:40]} a6 {[%clk 1:31:45]} 4. Ba4
{[%clk 1:32:06]} Nf6 {[%clk 1:32:06]} 5. O-O {[%clk 1:32:30]} Be7
{[%clk 1:32:14]} 6. d3 {[%clk 1:32:46]} b5 {[%clk 1:31:38]} 7. Bb3
{[%clk 1:33:09]} d6 {[%clk 1:31:58]} 8. a4 {[%clk 1:33:36]} Bd7 {[%clk 1:29:17]}
9. Bd2 {[%clk 1:33:32]} b4 {[%clk 1:22:09]} 10. h3 {[%clk 1:32:33]} Rb8
{[%clk 1:19:18]} 11. a5 {[%clk 1:32:15]} Qc8 {[%clk 1:17:03]} 12. Re1
{[%clk 1:25:57]} O-O {[%clk 1:13:57]} 13. c3 {[%clk 1:25:18]} Be6
{[%clk 1:05:29]} 14. Ba4 {[%clk 1:20:55]} bxc3 {[%clk 1:02:26]} 15. Bxc3
{[%clk 1:19:16]} Qb7 {[%clk 1:01:29]} 16. Nbd2 {[%clk 1:11:40]} Nb4
{[%clk 0:48:10]} 17. d4 {[%clk 1:04:59]} Nd3 {[%clk 0:46:57]} 18. Re3
{[%clk 0:58:41]} Nxb2 {[%clk 0:36:17]} 19. Bxb2 {[%clk 0:58:34]} Qxb2
{[%clk 0:36:43]} 20. Rb1 {[%clk 0:45:20]} Qa2 {[%clk 0:37:02]} 21. Ra1
{[%clk 0:45:27]} Qb2 {[%clk 0:37:23]} 22. d5 {[%clk 0:26:27]} Bxd5
{[%clk 0:35:39]} 23. Rb1 {[%clk 0:23:57]} Qa2 {[%clk 0:35:38]} 24. Ra1
{[%clk 0:24:20]} Qb2 {[%clk 0:35:53]} 25. Rb1 {[%clk 0:21:56]} Qa2
{[%clk 0:36:09]} 26. Ra1 {[%clk 0:20:36]} 1/2-1/2

[Event "World Cup 2017"]
[Site "Tbilisi"]
[Date "2017.09.07"]
[Round "10.30"]
[White "Vallejo Pons Francisco (ESP)"]
[Black "Tomashevsky Evgeny (RUS)"]
[Result "1-0"]
[BlackElo "2710"]
[WhiteElo "2717"]
[LiveChessVersion "1.4.8"]

1. e4 {[%clk 1:30:56]} e5 {[%clk 1:30:53]} 2. Nf3 {[%clk 1:31:18]} Nc6
{[%clk 1:31:17]} 3. Bb5 {[%clk 1:31:41]} a6 {[%clk 1:31:40]} 4. Ba4
{[%clk 1:32:04]} Nf6 {[%clk 1:32:01]} 5. O-O {[%clk 1:32:27]} Be7
{[%clk 1:32:22]} 6. Qe2 {[%clk 1:32:40]} b5 {[%clk 1:23:45]} 7. Bb3
{[%clk 1:32:38]} O-O {[%clk 1:23:59]} 8. d4 {[%clk 1:32:54]} d6 {[%clk 1:22:08]}
9. c3 {[%clk 1:32:16]} Bg4 {[%clk 1:13:59]} 10. Rd1 {[%clk 1:30:42]} Qc8
{[%clk 1:14:23]} 11. h3 {[%clk 1:26:52]} Bh5 {[%clk 1:14:23]} 12. Bg5
{[%clk 1:25:15]} Rb8 {[%clk 1:07:38]} 13. d5 {[%clk 1:20:56]} Na5
{[%clk 1:06:18]} 14. Bxf6 {[%clk 1:06:58]} Bxf6 {[%clk 1:05:54]} 15. Nbd2
{[%clk 1:00:46]} Bg5 {[%clk 0:58:43]} 16. g4 {[%clk 0:56:18]} Bxd2
{[%clk 0:57:51]} 17. Nxd2 {[%clk 0:54:06]} Bg6 {[%clk 0:58:14]} 18. Nf1
{[%clk 0:51:37]} f6 {[%clk 0:46:04]} 19. f3 {[%clk 0:45:57]} Be8 {[%clk 0:40:50]}
20. Ne3 {[%clk 0:41:57]} Bd7 {[%clk 0:40:44]} 21. Kh2 {[%clk 0:37:35]} Qb7
{[%clk 0:36:58]} 22. Bc2 {[%clk 0:32:12]} b4 {[%clk 0:25:24]} 23. Rab1
{[%clk 0:18:57]} b3 {[%clk 0:24:17]} 24. axb3 {[%clk 0:19:18]} Nxb3
{[%clk 0:24:43]} 25. Bxb3 {[%clk 0:11:16]} Qxb3 {[%clk 0:25:08]} 26. Qxa6
{[%clk 0:11:38]} Bb5 {[%clk 0:23:38]} 27. Qa5 {[%clk 0:11:39]} Be2
{[%clk 0:22:49]} 28. Rd2 {[%clk 0:11:28]} Bxf3 {[%clk 0:22:36]} 29. Qxc7
{[%clk 0:11:35]} Bxe4 {[%clk 0:19:17]} 30. Ra1 {[%clk 0:10:46]} Bg6
{[%clk 0:10:04]} 31. Qxd6 {[%clk 0:10:04]} Rfd8 {[%clk 0:10:14]} 32. Qe7
{[%clk 0:09:04]} Re8 {[%clk 0:10:20]} 33. Qa3 {[%clk 0:08:07]} Qb6
{[%clk 0:10:31]} 34. Qa7 {[%clk 0:07:46]} Qd6 {[%clk 0:08:56]} 35. Ra6
{[%clk 0:07:29]} Qf8 {[%clk 0:09:23]} 36. d6 {[%clk 0:06:22]} Be4
{[%clk 0:07:35]} 37. d7 {[%clk 0:04:54]} Red8 {[%clk 0:08:01]} 38. Qc7
{[%clk 0:04:55]} 1-0